| 000 | 00000nam 2200000zi 4500 |
| 001 | 9.923289 |
| 003 | CaOODSP |
| 005 | 20231215104000 |
| 006 | m o d f |
| 007 | cr ||||||||||| |
| 008 | 230529t20232023qucb o f00| 0 eng d |
| 020 | |a9780660489346 |
| 040 | |aCaOODSP|beng|erda|cCaOODSP |
| 043 | |an-cn-ab |
| 086 | 1 |aR64-610/2023E-PDF |
| 245 | 00|aElk Island National Park management plan, 2023. |
| 264 | 1|a[Gatineau, QC] : |bParks Canada = Parcs Canada,|c2023. |
| 264 | 4|c©2023 |
| 300 | |a1 online resource (x, 21 pages) : |bmaps |
| 336 | |atext|btxt|2rdacontent |
| 337 | |acomputer|bc|2rdamedia |
| 338 | |aonline resource|bcr|2rdacarrier |
| 500 | |aIssued also in French under title: Plan directeur du Parc national Elk Island, 2023. |
| 650 | 0|aNational parks and reserves|zAlberta|xManagement. |
| 710 | 2 |aParks Canada, |eissuing body. |
| 775 | 08|tPlan directeur du Parc national Elk Island, 2023.|w(CaOODSP)9.923291 |
| 776 | 0#|tElk Island National Park management plan.|w(CaOODSP)9.923290 |
| 856 | 40|qPDF|s3.05 MB|uhttps://publications.gc.ca/collections/collection_2023/pc/R64-610-2023-eng.pdf |
| 856 | 4 |qHTML|sN/A|uhttps://parks.canada.ca/pn-np/ab/elkisland/info/plan/gestion-management-2023 |